| 000 | 02131nam a2200361 4500 | ||
|---|---|---|---|
| 003 | CO-CtgCURN | ||
| 005 | 20260305205634.0 | ||
| 008 | 160627s2002 000 0 eng d | ||
| 020 | _a9701035569 | ||
| 040 |
_aCO-CtgCURN _bspa _ccoctgcurn |
||
| 082 | 0 |
_a610.736 _bS53t |
|
| 100 | 1 | _aSmeltzer, Suzanne C. | |
| 245 | 1 | 0 |
_aBrunner y Suddarth : _btratado de enfermería medico-quirúrgica / _cSuzanne C. Smeltzer, Brenda G. Bare ; traducción Leonora Veliz Salazar, Guillermina del Carmen Cuevas Meza. |
| 250 | _a9a ed. | ||
| 260 |
_aMexico : _bInteramericana McGraw-Hill, _c2002. |
||
| 300 |
_a2 v. : _bfotografs + _e1 cd-rom. |
||
| 336 | _2rdacontent | ||
| 337 |
_2rdamedia _asin mediacion _bn |
||
| 338 |
_2rdacarrier _avolumen _bnc |
||
| 500 | _aBrunner , Suddarth's textbook of medical-surgical nursing. | ||
| 505 | 8 | _av.1 Conceptos básicos en la práctica de enfermería.--Conceptos biofísicos y psicosociales en la práctica de la enfermería.--Conceptos y retos en la asistencia del paciente.--Conceptos y tratamiento de enfermera del paciente quirúrgico.--Intercambio gaseoso y función respiratoria.--Funciones cardiovascular, circulatoria y hematológica.--Función digestiva y gastrointestinal.--Función metabólica y endocrina.-- v.2 Función renal y urinaria.--Función reproductora.--Función inmunitaria.--Función integumentaria.--Función sensorineural.--Función neurológica.--Función musculoesquelétics.-- Otros problemas agudos | |
| 590 | _aFundamentos Básicos del Cuidado de Enfermería II (Enfermería) | ||
| 650 | 0 |
_aEnfermera medico-quirúrgica _vManuales. |
|
| 650 | 0 |
_aEnfermería quirúrgica _vManuales. |
|
| 650 | 0 |
_aEquipos de cuidado de enfermería _vManuales. |
|
| 908 | _a160627 | ||
| 942 |
_cBK _h610.736 _iS53t _2ddc _n0 |
||
| 999 |
_c9200 _d9200 |
||